Spell the Country #23 - Statistics

General Stats
  • This quiz has been taken 40 times
  • The average score is 8 of 9
Answer Stats
Picture Answer % Correct
Cuba
97%
Lebanon
97%
Oman
97%
Argentina
93%
Brazil
90%
Colombia
90%
Israel
90%
Mongolia
83%
Ossetia, South
30%
No matching quizzes found
Score Distribution
Percent of People with Each Score
Percentile by Number Answered
Your Score History
You have not taken this quiz